| 000 | 01436cad a22002775a 4500 | ||
|---|---|---|---|
| 001 | L158233 | ||
| 008 | 130206s2014 xxk f 000 0 eng d | ||
| 020 | _a9781783210770 | ||
| 035 | _a(Sirsi) u158233 | ||
| 041 | 0 | _aeng | |
| 110 | 2 |
_aRoyal Institution of Chartered Surveyors _94900 |
|
| 245 |
_aInternational BIM implementation guide _h[electronic resource] |
||
| 250 | _a1st ed | ||
| 260 |
_aLondon _bRICS _c2014 |
||
| 300 | _a74p | ||
| 490 | 0 | _aRICS Guidance Note | |
| 520 | _aThis guidance note highlights international high-level principles around how to implement and use BIM in the design, construction and operation of our built environment, including facets of procurement management and asset management. It is intended that these principles are used as an overarching framework for potential national standards or regional guidelines on BIM, and also by individuals and organisations. Therefore, this guidance note is designed for any firm or professional using BIM or considering using BIM in the foreseeable future. | ||
| 590 | _aKA | ||
| 650 | 2 | 4 | _aPROJECT DESIGN |
| 650 | 2 | 4 | _aCONTENT MANAGEMENT |
| 650 | 2 | 4 | _aOpen BIM |
| 651 | 4 | _aUnited Kingdom | |
| 690 |
_aBIM _96219 |
||
| 856 | 4 | 0 |
_uhttps://www.rics.org/profession-standards/rics-standards-and-guidance/sector-standards/construction-standards/international-bim-implementation-guide _zView the guidance free of charge at www.rics.org |
| 942 |
_n0 _2ddc |
||
| 999 |
_c115214 _d115214 |
||